00251nam a2200073Ia 4500008004100000082000800041100001300049245011500062240331s9999 xx 000 0 und d bKUM aKumar, R 4aThe history of doing :ban illustrated account of movements for women's rights and feminism in India 1800-1990